Statystyki dla MARKI CIĄGNIKÓW ROLNICZYCH

Kliknij tutaj aby rozwiązać quiz!

Ogólne statystyki

  • Ten quiz został rozwiązany 356 razy
  • Średni wynik to 4 z 5

Statystyki odpowiedzi

Odpowiedź% Poprawnych
URSUS
95%
ZETOR
82%
JOHN DEERE
79%
NEW HOLLAND
76%
LAMBORGHINI
22%

Rozkład punktacji

Percentyl według liczby udzielonych odpowiedzi

Procent ludzi z każdym wynikiem

Twoja historia wyników

Nie rozwiązałeś tego quizu